000 00844nam a22002417a 4500
005 19970904051429.3
008 970904m19271929ii a 001 0aeng
010 _aENG-95721
020 _a9788184950335
_c275.00
035 _aEN-79254
037 _aDBAD/PUB
040 _aDPL
100 _aShajahan, S.
240 _aSatyanā prayogo athavā ātmakathā.
_lEnglish
245 _a Introduction to business research methods
_cby S. Shajahan
260 _aMumbai
_bJaico Publishing House,
_c2008
270 _aA-2, Jash chambers, Fort
_bMumbai
_e400001
300 _axii, 184p. ;
_c22 cm.(Pbk)
500 _aIncludes Bibliography ref.
942 _2ddc
_cEN
_mSHA
999 _c33412
_d33412